Largest Islands by Country Quiz Stats

Quiz Updated Jun 6, 2018

Challenge
Share
Tweet
Embed
Score 0/25 Timer 07:00
6 Plays Today
Square km (Rank) Country % Correct
10,434 (#76)United States
94.6%
65,022 (#26)Australia
94.2%
225,800 (#7)Japan
93.7%
209,331 (#9)United Kingdom
92.4%
72,493 (#23)Russia
89%
507,451 (#5)Canada
88.2%
2,130,800 (#1)Denmark
86.8%
145,836 (#12)New Zealand
86.5%
33,210 (#42)China
85.1%
587,713 (#4)Madagascar
84.5%
443,066 (#6)Indonesia
83.6%
16,648 (#53)France
81.2%
25,662 (#45)Italy
79.5%
Square km (Rank) Country % Correct
105,806 (#17)Cuba
78.1%
40,100 (#35)Brazil
69.8%
37,814 (#36)Norway
69.5%
65,268 (#25)Sri Lanka
69%
101,826 (#18)Iceland
68.1%
8,350 (#89)Greece
67.8%
109,965 (#15)Philippines
66%
8,478 (#87)Chile
64.4%
11,190 (#71)Jamaica
61.4%
34,507 (#39)Taiwan
55.6%
35,145 (#38)Papua New Guinea
42.1%
10,531 (#75)Fiji
41.3%

You're not logged in!

Compare scores with friends on all Sporcle quizzes.
Join for Free
OR
Log In

You Might Also Like...

Show Comments

Extras

Top Quizzes Today


Score Distribution

Your Account Isn't Verified!

In order to create a playlist on Sporcle, you need to verify the email address you used during registration. Go to your Sporcle Settings to finish the process.

Report this User

Report this user for behavior that violates our Community Guidelines.

Details: